Music Quiz

Random Music or Song Quiz

Top 100 60's Songs in Rolling Stone's 500 Greatest Quiz Stats

 Plays Quiz not verified by Sporcle

Challenge
Share
Tweet
Embed
Score 0/100 Timer 20:00
0 Plays Today
Rank/Year Song % Correct
5 (1967)Respect
90.5%
2 (1965)(I Can't Get No) Satisfaction
90%
1 (1965)Like a Rolling Stone
86.9%
8 (1968)Hey Jude
86.2%
6 (1966)Good Vibrations
84.6%
26 (1968)(Sittin' On) the Dock of the Bay
81%
17 (1967)Purple Haze
79.7%
29 (1965)Help!
79.7%
35 (1967)Light My Fire
75.1%
11 (1965)My Generation
74.9%
13 (1965)Yesterday
74.9%
89 (1965)California Dreamin'
73.8%
47 (1968)All Along the Watchtower
70.8%
16 (1963)I Want to Hold Your Hand
70.5%
123 (1964)House of the Rising Sun
68.7%
57 (1967)Whiter Shade of Pale
65.9%
64 (1963)She Loves You
64.9%
130 (1968)Born to Be Wild
64.4%
156 (1969)Proud Mary
64.4%
87 (1963)Ring of Fire
64.1%
88 (1965)My Girl
64.1%
25 (1966)God Only Knows
63.3%
110 (1967)Brown Eyed Girl
63.3%
80 (1964)You Really Got Me
63.1%
78 (1965)I Got You (I Feel Good)
62.8%
14 (1963)Blowin' In the Wind
62.3%
122 (1961)Stand By Me
61.8%
22 (1963)Be My Baby
61.5%
54 (1963)Louie Louie
61%
41 (1968)The Weight
60.8%
28 (1967)A Day in the Life
60.5%
53 (1966)When a Man Loves a Woman
60%
79 (1965)Mr. Tambourine Man
59.5%
85 (1961)Crazy
59.5%
Rank/Year Song % Correct
107 (1965)Mr. Tambourine Man
59.5%
32 (1968)Sympathy for the Devil
59%
65 (1968)Sunshine of Your Love
59%
157 (1965)Sound of Silence
57.9%
75 (1969)Whole Lotta Love
56.7%
76 (1967)Strawberry Fields Forever
56.4%
40 (1964)Dancing in the Street
56.2%
72 (1965)California Girls
56.2%
34 (1964)You've Lost That Lovin' Feelin'
55.9%
63 (1967)For What It's Worth
55.9%
154 (1964)A Hard Day's Night
53.6%
99 (1969)Fortunate Son
52.8%
176 (1966)Paint it Black
52.8%
69 (1961)Crying
52.3%
81 (1968)I Heard It Through the Grapevine
52.1%
12 (1964)A Change Is Gonna Come
51.5%
121 (1969)I Want You Back
51.5%
91 (1969)Suspicious Minds
51.3%
38 (1969)Gimme Shelter
51%
42 (1968)Waterloo Sunset
50.3%
44 (1960)Georgia on My Mind
50.3%
183 (1962)Green Onions
50.3%
83 (1965)Norwegian Wood (This Bird Has Flown)
49.5%
23 (1965)In My Life
48.5%
33 (1966)River Deep Mountain High
48.2%
50 (1965)The Tracks of My Tears
46.7%
70 (1964)Walk On By
46.4%
138 (1966)Eleanor Rigby
46.2%
125 (1968)Jumpin' Jack Flash
45.6%
201 (1966)Hey Joe
45.1%
59 (1964)The Times They Are A-Changin'
44.4%
71 (1966)Papa's Got a Brand New Bag
44.1%
106 (1969)The Boxer
42.8%
211 (1965)Gloria
42.1%
Rank/Year Song % Correct
151 (1966)Eight Miles High
40.5%
205 (1969)Come Together
39.5%
213 (1966)96 Tears
38.7%
102 (1968)Voodoo Child (Slight Return)
37.2%
177 (1966)I Fought the Law
37.2%
136 (1968)While My Guitar Gently Weeps
36.7%
195 (1968)Wichita Lineman
36.4%
186 (1964)Please Please Me
36.2%
116 (1969)Honky Tonk Women
34.4%
150 (1960)Cathy's Clown
34.4%
146 (1968)Everyday People
34.1%
114 (1962)Up on the Roof
33.3%
101 (1969)You Can't Always Get What You Want
32.8%
135 (1965)In the Midnight Hour
32.6%
209 (1966)Reach Out, I'll Be There
32.3%
153 (1965)Foxey Lady
31.5%
24 (1965)People Get Ready
31.3%
126 (1960)Will You Love Me Tomorrow
28.5%
140 (1964)I Saw Her Standing There
27.4%
185 (1969)The Thrill is Gone
25.6%
161 (1967)I'm Waiting For the Man
24.6%
171 (1969)Both Sides Now
24.1%
207 (1966)Try a Little Tenderness
22.1%
212 (1963)In My Room
20.8%
124 (1966)It's a Man's Man's Man's World
19.5%
178 (1964)Don't Worry Baby
19.2%
206 (1965)Positively 4th Street
16.2%
184 (1960)Save the Last Dance For Me
15.1%
187 (1965)Desolation Row
14.6%
164 (1962)I Can't Stop Loving You
14.1%
189 (1967)I Never Loved a Man (The Way I Love You)
13.8%
111 (1965)I've Been Loving You Too Long (To Stop Now)
10.5%

You're not logged in!

Compare scores with friends on all Sporcle quizzes.
OR
Log In

You Might Also Like...

Show Comments

Extras

Top Quizzes Today


Score Distribution

Your Account Isn't Verified!

In order to create a playlist on Sporcle, you need to verify the email address you used during registration. Go to your Sporcle Settings to finish the process.

Report this User

Report this user for behavior that violates our Community Guidelines.

Details: